000 00689nam a22002177a 4500
003 OSt
005 20251009031331.0
008 251009b |||||||| |||| 00| 0 eng d
020 _a9786218179721
040 _aDWCL-Main lib
_cOC
082 _aFil. 664.593 M518a 2021
100 _aMelchor, Jose Antonio Miguel R.
245 _aAsian Cuisine/
_cJose Antonio Miguel R. Melchor
260 _aManila, Philippines :
_bEDRIC Publishing House,
_cc2021.
300 _a123 pages :
_b Illustration ;
_c26cm.
504 _aIncludes Bibliographical References.
650 _a1. Cooking, Asian
650 _a2.Food Analysis
650 _a3. Food Industry
942 _2ddc
_cBK - FIL
_kFil.
_n0
999 _c4766
_d4766